Matematika a speciális alapiskola 5. osztálya számára 1. rész Munkafüzet

Bibliographic Details
Main Author: Krejza, Lumír (Author)
Other Authors: Hollá, Judita (Translator), Kováčik, Ivan (Illustrator)
Format: Book
Language:Hungarian
Slovak
PhysicalDescription:64 s., [4] s. ilustr. príl. fareb. ilustr. 30 cm
Published: Bratislava Slovenské pedagogické nakladateľstvo 2009
ISBN:9788010016839
Edition:3. kiad.
Subjects:

MARC

LEADER 00000cam a2200000 a 4500
001 vtls009847135
003 SK-MaSNL
005 20260302044112.0
008 240314s2009 xo a c p 000 0 hun
015 |a SNBA2009/11-05640 
020 |a 9788010016839  |q (brož.) 
035 |a (SVKBBclas03)vtls000314566 
035 |a urn:nbn:sk:snk-amjwc6 
035 |a urn:nbn:sk:snk-am007zdt 
035 |a E61AE95B-45B8-4882-906C-1C6B0547E237 
040 |a SNK  |b slo  |c SNK  |e AACR2 
041 1 |a hun  |h slo 
044 |a xo  |c SK 
072 7 |a 51  |x Matematika  |2 konspekt 
072 7 |a 37.016  |x Učebné osnovy. Vyučovacie predmety. Učebnice  |2 konspekt 
080 |a 51  |2 2001 
080 |a (075.2)  |2 2001 
080 |a (076.1)  |2 2001 
100 1 |a Krejza, Lumír  |4 aut  |9 303913 
240 1 0 |a Matematika pre 5. ročník špeciálnych základných škôl, Pracovný zošit - 1. časť  |l Maďarsky 
245 1 0 |a Matematika a speciális alapiskola 5. osztálya számára  |n 1. rész  |p Munkafüzet  |c [szerző Lumír Krejza ; fordította Judita Hollá ; illusztráció Ivan Kováčik] 
250 |a 3. kiad. 
260 |a Bratislava  |b Slovenské pedagogické nakladateľstvo  |c 2009 
300 |a 64 s., [4] s. ilustr. príl.  |b fareb. ilustr.  |c 30 cm 
500 |a Tir. aj slov. 
650 0 7 |a matematika  |2 SNKPH  |9 70174 
655 7 |a učebnice špeciálnych základných škôl  |2 SNKPH  |9 70204 
655 7 |a pracovné zošity  |2 SNKPH  |9 70188 
700 1 |a Hollá, Judita  |4 trl  |9 64682 
700 1 |a Kováčik, Ivan  |4 ill  |9 6562 
919 |a 978-80-10-01683-9 
958 |a OP 
958 |a HU 
958 |a NM 
968 |a Mag  |b SLO  |d 37 
999 |c 1088700  |d 1090630 
952 |a SNK  |b SNK  |y PREZ  |7 0  |p 17A0633184  |o snkSB 78391/1  |i snk2009/17853  |8 0  |0 0  |1 0  |4 0  |d 2009-10-05  |f 1  |l 0  |r 2025-04-29 00:00:00  |w 2026-02-24 
952 |a SNK  |b SNK  |y VYP  |7 0  |p 17A0633183  |o snkSB 78391/1 D1  |i snk2009/17854  |8 0  |0 0  |1 0  |4 0  |d 2009-10-05  |l 0  |r 2016-06-30 00:00:00  |w 2026-02-24